000 01290cam a22002891 4500
001 gs 39000257
003 DLC
005 20260227111344.0
008 780218s1939 xx 000 0 eng c
010 _ags 39000257
035 _a(OCoLC)3648968
040 _aU.S. Geological survey Library
_cOT
_dDLC
042 _apremarc
050 0 0 _aQE113
_b.A2 no. 26
100 1 _aLee, Wallace,
_d1883-
245 0 0 _aRelation of thickness of Mississippian limestones in central and eastern Kansas to oil and gas deposits,
_cby Wallace Lee.
260 _aLawrence, Kans.,
_bPrinted by authority of the state of Kansas,
_c1939.
300 _a42 p.
_billus., III fold. pl. (2 maps, diagr.) tables (1 fold.)
_c23 cm.
490 0 _a[Kansas. University. Geological survey] Bulletin 26
500 _aAt head of title: State geological survey of Kansas. Raymond C. Moore, state geologist and director.
500 _aInvestigation conducted under a cooperative agreement between the federal Geological survey and the State geological survey of Kansas.
500 _aOn cover: Bulletin of the University of Kansas. v. 40, no. 12, June 15, 1939.
650 0 _aGeology, Stratigraphic
_yCarboniferous.
650 0 _aGeology
_zKansas.
650 0 _aPetroleum
_zKansas.
650 0 _aNatural gas
_zKansas.
999 _c27576
_d27576